101 Caminos para sobrevivir al mundo del trabajo

Bibliographic Details
Main Author: Vľiz Montero, Fernando
Format: eBook
Language:Spanish
Published: Bogot:̀ ECOE, 2019
Subjects:
Online Access:Acceso restringido

MARC

LEADER 00000nam a22000007a 4500
005 20220211205645.0
007 cr|||| |||
008 220211s2019 co |||||s|||| 00||0 spa d
020 |a 978-958-771-820-1 
035 |a 35804 
040 |a vLex 
090 |c 12958  |d 12958 
100 1 |a Vľiz Montero, Fernando 
245 1 0 |a  101 Caminos para sobrevivir al mundo del trabajo  |h [Recurso electrn̤ico] /  |c Fernando Vľiz Montero 
256 |a Servicio en ln̕ea 
260 |a Bogot:̀  |b ECOE,  |c 2019 
300 |a 1 recurso electrn̤ico 
500 |a Hoy el mundo laboral est ̀en una crisis de sentido, algo est ̀ocurriendo en las organizaciones que a diario presentan diversas dolencias, haciendo que las personas no crezcan, no se expandan y con el tiempo, se debiliten tanto individual como grupalmente. Con este panorama, se hace necesario fundar una nueva cultura del cuidado organizacional. En los cuatro primeros capt̕ulos esta obra invita al lector a reflexionar sobre la dimensin̤ del trabajo y su impacto en la vida humana a travš de preguntas, afirmaciones y cartas al lector, seguido de 101 temas centrales que buscan que el receptor renueve su compromiso con la organizacin̤, desde un liderazgo resuelto e inspirador. Finaliza con un capt̕ulo a manera de invitacin̤ a la construccin̤ de nuevos props̤itos de crecimiento, metas y sueǫs para el trabajo. Dirigida a estudiantes de administracin̤, psicologa̕ organizacional, comunicacin̤ social y trabajo social. A profesionales consultores, gerentes, investigadores de empresas y en general, a personas interesadas en la cultura y comunicacin̤ organizacional. 
506 1 |a Disponible solo en los productos indicados  |d vLex Global  |d vLex Global (Academic Edition, excluding Law Schools)  |d vLex Global (U.S. Academic Edition, Law Schools)  |d vLex Global (U.S. Academic Edition, excluding Law Schools)  |d vLex Global (Academic Edition, Law Schools) 
650 0 4 |a Derecho Laboral y Seguridad Social  |z Colombia 
650 0 4 |a Formacin̤  |z Colombia 
740 0 |a vLex Libros (Servicio en ln̕ea) 
856 4 0 |u https://app.vlex.com/#/sources/35804  |z Acceso restringido 
942 |c BOOK 
999 0 |a Labor Law and Social Security 
999 0 |a Training